D. E. Jablonsky a jeho práce v prospech cirkve slovansko-evanjelickej
| Titel: | D. E. Jablonsky a jeho práce v prospech cirkve slovansko-evanjelickej : (Dozvuk k slávnostiam Rákóczovským) / Ján Kvačala |
|---|---|
| Verfasser: | |
| In: |
Zwischen Dorpat, Pressburg und Wien, (2018), Seite 357-361 alle Artikel anzeigen |
| Veröffentlicht: | 2018 |
| Format: | Aufsatz |
| Sprache: | Slowakisch |
X
alg: 43956662 001A $03025:04-12-18 001B $01999:04-12-18 $t23:39:02.000 001D $03025:04-12-18 001U $0utf8 001X $00 002@ $0Aou 002C $aText $btxt $2rdacontent 002D $aohne Hilfsmittel zu benutzen $bn $2rdamedia 002E $aBand $bnc $2rdacarrier 003@ $0439566622 007A $0439566622 $aHEB 010@ $aslo 010E $erda 011@ $a2018 021A $aD. E. Jablonsky a jeho práce v prospech cirkve slovansko-evanjelickej $d(Dozvuk k slávnostiam Rákóczovským) $hJán Kvačala 028A $BVerfasser $#Kvačala, Jan $#Kvačala, Jan Radomil $#Kvacala, Ján Rodomil $#Kvacsala, Ján Radomil $#Kvacsala, János $#Kvačala, Johannes $#Kvacsala, Johann $#Kvacsala, Johannes $#Kvacala, Jvan $#Kvacala, Ioannes $#Kvačala, J. $#Chranovský, Ivan $#Kvačala, Johann $#Kvačala, Joannes $#Kvačala, Ivan $#Kvacala, Josef $#Kvačala, Ioannes $4aut $7117555460 $8Kvačala, Jan$Z1862-1934 [Tp1] $9151324433 031A $h357-361 $j2018 037A $aZuvor in: Cirkevné listy 21 (1907), S. 103-108 039B $aEnthalten in $8--Aau--. Zwischen Dorpat, Pressburg und Wien. - Wiesbaden : Harrassowitz Verlag, 2018. - 398 Seiten. - Illustrationen. - ISBN 978-3-447-11044-0 $x201800000000000643 $943324769X 044K $RTsevi Hirsh ben Eliyah Libeḳ $RNeumark, Natan ben Löb $RRofe, Ahron ben Mosche $#Jablonski, ... $#Figulus, Daniel Ernst $#Jablonski, Daniel-Ernst $#Jablonski, Daniel Ernestus $#Jablonskj, Daniel Ernst $#Jabłonski, Daniel Ernest $#Jabłoński, Daniel Ernest $#Jablonski, Daniel E. $#Jablonsky, D. E. $#Jablonsky, Daniel Ernst $#Jablonski, Daniel Ernst $7115468277 $8Jablonski, Daniel Ernst$Z1660-1741 [Tp1] $9149669488 044K $RProtestantismus $#Protestant churches $#Églises protestantes $#Chiese protestanti $#Iglesias protestantes $#evangelische Kirche $74015833-0 $8Evangelische Kirche [Ts1] $9085036757 045F $a200.9430709032 $eDDC23BSB 045F/01 $a200.9 045F/03 $f09032 045F/03 $f09033 045F/03 $g4307 045F/03 $g43849 045F/03 $g4371 045F/03 $g4373 045R $aGeschichte 1697-1744 lok: 43956662 78 exp: 43956662 78 1 #EPN 201B/01 $004-12-18 $t12:07:57.000 201C/01 $004-12-18 201U/01 $0utf8 203@/01 $01035759837 208@/01 $a04-12-18 $be 209A/01 $a/ $f000 $x00 209A/01 $ab*p $x01 220C/01 $apgar 244Z/01 $#Generalgouvernement Polen $#Polska $#Rzeczpospolita Polska $#Polska Rzeczpospolita Ludowa $#Poland $#Pologne $#République Polonaise $#Generalne Gubernatorstwo w Polsce $#Polish People's Republic $#Polska Rzeczpospolita Polen $#PRL $#RP $#Polen Generalgouvernement $#Polska Generalgouvernement $#Besetzte Polnische Gebiete $#Besetztes Gebiet in Polen $#Okupowane Polskie Obszary $#Obszary Okupowane w Polsce $#Volksrepublik Polen $#Polska Rosyjska $#Republic Polen $#Respublika Pol'ša $#Pol'skaja Narodnaja Respublika $#République de Pologne $#Polen Links der Weichsel $#Polska po Lewej Stronie Wisły $#Lenkija $#Polija $#Gubernija Carstva Pol'skago $#Republik Polen $74046496-9 $8--Tg1--Polen $x01 $9085129801 244Z/01 $#Böhmische Kronländer $#Länder der Böhmischen Krone $#Sudetenland $#Böhmen $#Mähren $#Mährisch-Schlesien $#Österreichisch-Schlesien $#Tschechische Sozialistische Republik Böhmische Länder $#Tschechei Böhmische Länder $#Země koruny české $74069573-6 $8--Tg1--Böhmische Länder $x02 $9085195553 244Z/01 $#Slowakei $#Slowakei $#Slowakische Republik $#Oberungarn $#Slovensko $#Slovenská Republika $#Slovenská SR $#SSR $#Slovakia $#Slovaquie $#Slovak Republic $#République Slovaque $#Slovenská Socialistická Republika $#Slowakische Sozialistische Republik $#Slovak Socialist Republic $#République Socialiste Slovaque $74055297-4 $8--Tg1--Slowakei $x03 $9085153834 244Z/01 $#Preußen $#Preußen $#Brandenburg-Preußen $#Königreich Preußen $#Preußische Staaten $#Preußischer Staat $#Der @Preußische Staat $#Königlich Preußische Staaten $#Prusy Królewskie $#Königlich Preußen $#Prussia $74047194-9 $8--Tg1--Preußen $x04 $9085131652 247C/01 $82080>Marburg/Lahn, Herder-Institut, Forschungsbibliothek, Bibliographieportal $9336309341
| LEADER | 00000caa a2200000 c 4500 | ||
|---|---|---|---|
| 001 | 439566622 | ||
| 003 | DE-603 | ||
| 005 | 20181204233902.0 | ||
| 007 | tu | ||
| 008 | 181204s2018 xx |||| | u00||u|slo c | ||
| 035 | |a (DE-599)HEB439566622 | ||
| 040 | |a DE-603 |b ger |c DE-603 |d DE-603 |e rda | ||
| 041 | |a slo | ||
| 082 | 0 | 4 | |8 1\u |a 200.9430709032 |q DE-101 |2 23/BSB |
| 085 | |8 1\u |b 200.9 | ||
| 085 | |8 1\u |z 1 |s 09032 | ||
| 085 | |8 1\u |z 1 |s 09033 | ||
| 085 | |8 1\u |z 2 |s 4307 | ||
| 085 | |8 1\u |z 2 |s 43849 | ||
| 085 | |8 1\u |z 2 |s 4371 | ||
| 085 | |8 1\u |z 2 |s 4373 | ||
| 100 | 1 | |a Kvačala, Jan |d 1862-1934 |e Verfasser |4 aut |0 (DE-603)151324433 |0 (DE-588)117555460 |2 gnd | |
| 245 | 0 | 0 | |a D. E. Jablonsky a jeho práce v prospech cirkve slovansko-evanjelickej |b (Dozvuk k slávnostiam Rákóczovským) |c Ján Kvačala |
| 264 | 0 | |c 2018 | |
| 336 | |a Text |b txt |2 rdacontent | ||
| 337 | |a ohne Hilfsmittel zu benutzen |b n |2 rdamedia | ||
| 338 | |a Band |b nc |2 rdacarrier | ||
| 500 | |a Zuvor in: Cirkevné listy 21 (1907), S. 103-108 | ||
| 600 | 1 | 7 | |a Jablonski, Daniel Ernst |d 1660-1741 |0 (DE-588)115468277 |0 (DE-603)149669488 |2 gnd |
| 648 | 7 | |a Geschichte 1697-1744 |2 gnd | |
| 650 | 7 | |a Evangelische Kirche |0 (DE-588)4015833-0 |0 (DE-603)085036757 |2 gnd | |
| 773 | 0 | 8 | |i Enthalten in |t Zwischen Dorpat, Pressburg und Wien |d Wiesbaden : Harrassowitz Verlag, 2018 |h 398 Seiten, Illustrationen |z 9783447110440 |z 3447110449 |g (2018), Seite 357-361 |w (DE-603)43324769X |
| 924 | 0 | |9 2080 |a (DE-603)1035759837 |b DE-2080 |c HES |d d |g / | |


